| 000 -LEADER |
| fixed length control field |
01284nam a22003377a 4500 |
| 001 - CONTROL NUMBER |
| control field |
15203795 |
| 005 - DATE AND TIME OF LATEST TRANSACTION |
| control field |
20240305150132.0 |
| 008 - FIXED-LENGTH DATA ELEMENTS--GENERAL INFORMATION |
| fixed length control field |
240305b ||||| |||| 00| 0 eng d |
| 010 ## - LIBRARY OF CONGRESS CONTROL NUMBER |
| LC control number |
2008313520 |
| 020 ## - INTERNATIONAL STANDARD BOOK NUMBER |
| International Standard Book Number |
9789749863374 |
| 040 ## - CATALOGING SOURCE |
| Original cataloging agency |
DLC |
| Transcribing agency |
SSBUL |
| 042 ## - AUTHENTICATION CODE |
| Authentication code |
lcode |
| 043 ## - GEOGRAPHIC AREA CODE |
| Geographic area code |
a-th--- |
| -- |
a-br--- |
| 050 00 - LIBRARY OF CONGRESS CALL NUMBER |
| Classification number |
DS530.5.S26 |
| Item number |
A3 2008 |
| 082 ## - DEWEY DECIMAL CLASSIFICATION NUMBER |
| Edition number |
23 |
| Classification number |
959.116 |
| Item number |
Sa |
| 100 0# - MAIN ENTRY--PERSONAL NAME |
| Personal name |
Sanda, |
| Titles and words associated with a name |
Sao |
| Dates associated with a name |
1928- |
| 9 (RLIN) |
13195 |
| 245 14 - TITLE STATEMENT |
| Title |
The moon princess : |
| Remainder of title |
memories of the Shan States / |
| Statement of responsibility, etc. |
Sao Sanda. |
| 260 ## - PUBLICATION, DISTRIBUTION, ETC. |
| Place of publication, distribution, etc. |
Bangkok : |
| Name of publisher, distributor, etc. |
River Books, |
| Date of publication, distribution, etc. |
2008. |
| 300 ## - PHYSICAL DESCRIPTION |
| Extent |
309 pages : |
| Other physical details |
illustrations, maps, photos ; |
| Dimensions |
24 cm. |
| 500 ## - GENERAL NOTE |
| General note |
S-SAT: Prof. Sai Aung Tun |
| 504 ## - BIBLIOGRAPHY, ETC. NOTE |
| Bibliography, etc. note |
Includes bibliographical references (p. 300-301) and index. |
| 600 00 - SUBJECT ADDED ENTRY--PERSONAL NAME |
| Personal name |
Sao Sanda, |
| Dates associated with a name |
1928- |
| 9 (RLIN) |
7832 |
| 650 #0 - SUBJECT ADDED ENTRY--TOPICAL TERM |
| Topical term or geographic name entry element |
Princesses |
| Geographic subdivision |
Burma |
| -- |
Shan State |
| Form subdivision |
Biography. |
| 9 (RLIN) |
7833 |
| 651 #0 - SUBJECT ADDED ENTRY--GEOGRAPHIC NAME |
| Geographic name |
Shan State (Burma) |
| General subdivision |
History |
| Chronological subdivision |
20th century. |
| 9 (RLIN) |
7834 |
|
| Geographic name |
Shan State (Burma) |
| General subdivision |
Politics and government |
| Chronological subdivision |
20th century. |
| 9 (RLIN) |
7835 |
|
| Geographic name |
Burma |
| General subdivision |
History. |
|
| Geographic name |
Burma |
| General subdivision |
Politics and government. |
| 9 (RLIN) |
7836 |
| 906 ## - LOCAL DATA ELEMENT F, LDF (RLIN) |
| a |
7 |
| b |
cbc |
| c |
origode |
| d |
3 |
| e |
ncip |
| f |
20 |
| g |
y-gencatlg |
| 942 ## - ADDED ENTRY ELEMENTS (KOHA) |
| Source of classification or shelving scheme |
|
| Koha item type |
Book (Short term) |